La economía de la investigación y el desarrollo (Registro nro. 28609)
[ vista simple ]
| 000 -LEADER | |
|---|---|
| fixed length control field | 00399 a2200109 4500 |
| 001 - CONTROL NUMBER | |
| control field | ART_23528 |
| 005 - DATE AND TIME OF LATEST TRANSACTION | |
| control field | 20260410161931.0 |
| 008 - FIXED-LENGTH DATA ELEMENTS--GENERAL INFORMATION | |
| fixed length control field | 260409a |
| 100 1# - MAIN ENTRY--PERSONAL NAME | |
| Personal name | Sjaastad, Larry A. |
| 245 10 - TITLE STATEMENT | |
| Title | La economía de la investigación y el desarrollo |
| 773 0# - HOST ITEM ENTRY | |
| Title | Revista de la Facultad de Ciencias Económicas de la Universidad de Cuyo |
| Related parts | - Año XXI, Nº 61/63 (ene./dic. 1969) |
| Record control number | REV22981 |
No hay ítems disponibles.